000 00321nam a22001337a 4500
008 171108b xxu||||| |||| 00| 0 eng d
020 _a0812990323
041 _aeng
080 _a330.322
100 _a64
101 _aINV
245 _aSTARTING AND RUNNING A PROFITABLE INVESTMENT CLUB
_cO'HARA,TH.E
942 _2udc
_cBK
999 _c38190
_d38190